000 00591nam a2200229Ia 4500
003 OSt
005 20221005113719.0
006 a|||||r|||| 00| 0
007 ta
008 221004b |||||||| |||| 00| 0 per d
024 _a14185
037 _cTextual
040 _aCRL
_cCRL
_bper
041 _2per
_aper
082 _aO164v2(Q2),M9, N90
100 _aSyed Abdullah
_9178058
245 0 _aAdbiyat e Farsi der Hindu
260 _c1990
650 _aPERSIAN LITERATURE
_9309
942 _hO164v2(Q2),M9, N90
_cTEXL
_2cc
999 _c1029030
_d1029030